[Event "Torcy op-B"]
[Site "Torcy"]
[Date "1991.??.??"]
[Round "?"]
[White "Lesecq, Pascal"]
[Black "Scheer, Patrick"]
[Result "1-0"]
[WhiteElo "2040"]
[BlackElo "1920"]
[PlyCount "65"]
[EventDate "1991.04.??"]
[EventType "swiss"]
[EventRounds "9"]
[EventCountry "FRA"]
[SourceTitle "TD"]
[Source "ChessBase"]
[SourceDate "1994.03.01"]
[SourceVersion "1"]
[SourceVersionDate "1994.03.01"]
[SourceQuality "1"]

1. d4 Nf6 2. c4 e6 3. Nf3 Bb4+ 4. Nbd2 0-0 5. a3 Bxd2+ 6. Bxd2 Ne4 7. e3 b6 8. Bd3 Bb7 9. 0-0 d6 10. Qc2 f5 11. Rfd1 Nd7 12. Rac1 Rc8 13. b4 c5 14. dxc5 dxc5 15. Be1 Qe7 16. Qa4 Bc6 17. b5 Bb7 18. Bxe4 Bxe4 19. Qxa7 Bxf3 20. Rxd7 Qg5 21. g3 Rf6 22. Bc3 Rg6 23. a4 Qh6 24. Kf1 Qh3+ 25. Ke1 Qg4 26. a5 bxa5 27. b6 Bc6 28. Rc7 Rd8 29. Rxc6 Qe4 30. Rc7 e5 31. Rd7 Re8 32. Re7 Re6 33. Rxg7+ 1-0